States That Voted For Trump In 2024 - Statistics

General Stats
  • This quiz has been taken 37 times
  • The average score is 26 of 31
Answer Stats
% State % Correct
64.9 Alabama
96%
56.5 Florida
96%
56.1 Texas
96%
67.0 North Dakota
93%
63.4 South Dakota
93%
60.9 Mississippi
89%
55.1 Ohio
89%
66.2 Oklahoma
89%
50.7 Georgia
85%
66.9 Idaho
85%
64.5 Kentucky
85%
49.7 Michigan
85%
50.9 North Carolina
85%
58.2 South Carolina
85%
52.2 Arizona
81%
64.2 Arkansas
81%
58.6 Indiana
81%
60.8 Louisiana
81%
58.4 Montana
81%
70.0 West Virginia
81%
71.6 Wyoming
81%
54.5 Alaska
78%
50.6 Nevada
78%
50.3 Pennsylvania
78%
64.2 Tennessee
78%
59.4 Utah
78%
57.2 Kansas
74%
59.3 Nebraska
74%
49.6 Wisconsin
74%
55.7 Iowa
70%
58.5 Missouri
70%
No matching quizzes found
Score Distribution
Percent of People with Each Score
Percentile by Number Answered
Your Score History
You have not taken this quiz